000 00683cam a22002413a 4500
001 3664
003 PGUSA
005 20140828083036.0
008 030101s2003||||xxu|||||s|||||000 1 eng d
040 _aPGUSA
_beng
042 _adc
050 4 _aPQ
100 1 _aMaupassant, Guy de,
_d1850-1893
245 1 0 _aYvette
_h[electronic resource] /
_cGuy de Maupassant
260 _bProject Gutenberg,
_c2003
506 _aPublic domain in the USA.
516 _aElectronic text
653 _aFrance -- Social life and customs -- Fiction
653 _aParis (France) -- Fiction
830 0 _aProject Gutenberg
_v3664
856 4 0 _uhttp://www.gutenberg.org/ebooks/3664
942 _cEB
999 _c232993
_d232993